000 00276nam a2200109Ia 4500
008 190216s9999||||xx |||||||||||||| ||und||
100 _aSreedharan M S
245 0 _aBharathiya Shashthra Manjusha
260 _bBharathiya Shashthra Manjusha
650 _aMalayalam
942 _cBK
999 _c26467
_d26467